[Event "GRE-chT"]
[Site "Aghia Pelagia"]
[Date "2004.07.08"]
[Round "6.3"]
[White "Mastoras, Ilias"]
[Black "Skalkotas, Nikolaos"]
[Result "0-1"]
[WhiteElo "2248"]
[BlackElo "2294"]
[PlyCount "84"]
[EventDate "2004.07.04"]
[EventType "team-tourn"]
[EventRounds "9"]
[EventCountry "GRE"]
[SourceTitle "CBM 101 Extra"]
[Source "ChessBase"]
[SourceDate "2004.09.01"]
[SourceVersion "2"]
[SourceVersionDate "2004.09.01"]
[SourceQuality "1"]
[WhiteTeam "15"]
[BlackTeam "10"]
[WhiteTeamCountry "GRE"]
[BlackTeamCountry "GRE"]

1. e4 d6 2. d4 Nf6 3. Nc3 e5 4. dxe5 dxe5 5. Qxd8+ Kxd8 6. Bg5 c6 7. Nf3 Nbd7 8. Bc4 Ke8 9. 0-0 Be7 10. a3 Nh5 11. Rad1 f6 12. Be3 Nc5 13. Be2 Nf4 14. Bxf4 exf4 15. Nd4 Ne6 16. Nf5 g6 17. Nd6+ Bxd6 18. Rxd6 Ke7 19. Rfd1 Rd8 20. Rxd8 Nxd8 21. Bc4 Be6 22. Bd3 Nf7 23. Ne2 g5 24. Nd4 Ne5 25. Be2 c5 26. Nxe6 Kxe6 27. f3 Ke7 28. Rd5 b6 29. Kf2 Rd8 30. c4 Rg8 31. h3 h5 32. b4 Rc8 33. b5 a6 34. bxa6 Ra8 35. Rd2 Rxa6 36. Rb2 Kd6 37. Rb3 Kc7 38. Rc3 Ra8 39. Rc1 Rxa3 40. h4 Ra2 41. Rd1 g4 42. fxg4 hxg4 0-1

[Event "GRE-chT"]
[Site "Aghia Pelagia"]
[Date "2004.07.07"]
[Round "5.3"]
[White "Mastoras, Ilias"]
[Black "Karagiannis, Athanasios"]
[Result "0-1"]
[WhiteElo "2248"]
[BlackElo "2364"]
[PlyCount "96"]
[EventDate "2004.07.04"]
[EventType "team-tourn"]
[EventRounds "9"]
[EventCountry "GRE"]
[SourceTitle "CBM 101 Extra"]
[Source "ChessBase"]
[SourceDate "2004.09.01"]
[SourceVersion "2"]
[SourceVersionDate "2004.09.01"]
[SourceQuality "1"]
[WhiteTeam "15"]
[BlackTeam "06"]
[WhiteTeamCountry "GRE"]
[BlackTeamCountry "GRE"]

1. e4 Nc6 2. d4 e5 3. Nf3 exd4 4. Nxd4 d6 5. Nxc6 bxc6 6. Nc3 Be7 7. Be3 Bf6 8. Qd2 Qe7 9. Bd3 Rb8 10. 0-0 Rxb2 11. Rab1 Rxb1 12. Rxb1 Qe5 13. Ne2 Ne7 14. Bxa7 Ng6 15. Bd4 Qe7 16. Qc3 c5 17. Bxf6 Qxf6 18. Qa5 0-0 19. Qxc7 Bg4 20. Ng3 h5 21. Nf1 Nf4 22. Ne3 g6 23. Bf1 Be2 24. g3 Bxf1 25. gxf4 Bh3 26. Nd5 Qh4 27. f3 Be6 28. Qxd6 Bxd5 29. Qxd5 Qxf4 30. Kg2 h4 31. Rb3 c4 32. Qxc4 Re8 33. Qd4 h3+ 34. Kxh3 Re5 35. Kg2 Rg5+ 36. Kf2 Qxh2+ 37. Ke3 Rg2 38. Qd8+ Kg7 39. Qd4+ Kh7 40. Qf6 Re2+ 41. Kd4 Qc7 42. Rc3 Qa7+ 43. Ke5 Rh2 44. Kf4 Qb8+ 45. Ke3 Qa7+ 46. Kd3 Qd7+ 47. Kc4 Rh5 48. Qd4 Qb5# 0-1

[Event "GRE-chT"]
[Site "Aghia Pelagia"]
[Date "2004.07.07"]
[Round "4.3"]
[White "Mastrovasilis, Athanasios"]
[Black "Mastoras, Ilias"]
[Result "1-0"]
[WhiteElo "2488"]
[BlackElo "2248"]
[PlyCount "64"]
[EventDate "2004.07.04"]
[EventType "team-tourn"]
[EventRounds "9"]
[EventCountry "GRE"]
[SourceTitle "CBM 101 Extra"]
[Source "ChessBase"]
[SourceDate "2004.09.01"]
[SourceVersion "2"]
[SourceVersionDate "2004.09.01"]
[SourceQuality "1"]
[WhiteTeam "03"]
[BlackTeam "15"]
[WhiteTeamCountry "GRE"]
[BlackTeamCountry "GRE"]

1. c4 e5 2. Nc3 Nc6 3. g3 f5 4. Bg2 Nf6 5. d3 g6 6. e3 Bg7 7. Nge2 0-0 8. 0-0 Kh8 9. Rb1 a5 10. b3 Re8 11. Bb2 d6 12. Qd2 Ne7 13. Rbe1 c6 14. f4 Qc7 15. h3 Be6 16. e4 Rad8 17. Kh2 fxe4 18. dxe4 Rf8 19. Nd1 a4 20. Nf2 axb3 21. axb3 c5 22. Nd3 Nd7 23. g4 Nc6 24. f5 Bf7 25. g5 Rfe8 26. f6 Bf8 27. Nc3 Nd4 28. Nd5 Bxd5 29. exd5 Nxb3 30. Qf2 Nb6 31. f7 Re7 32. Re4 Nd2 1-0

[Event "GRE-chT 32nd"]
[Site "Kallithea"]
[Date "2003.07.09"]
[Round "7"]
[White "Mastoras, Ilias"]
[Black "Nikolaidis, Ioannis"]
[Result "0-1"]
[WhiteElo "2240"]
[BlackElo "2478"]
[PlyCount "50"]
[EventDate "2003.07.04"]
[EventType "team-tourn"]
[EventRounds "9"]
[EventCountry "GRE"]
[SourceTitle "CBM 095 Extra"]
[Source "ChessBase"]
[SourceDate "2003.09.04"]
[SourceVersion "1"]
[SourceVersionDate "2003.09.04"]
[SourceQuality "1"]

1. e4 c5 2. Nc3 a6 3. a4 d6 4. Nge2 Nc6 5. d4 cxd4 6. Nxd4 Nf6 7. f3 d5 8. exd5 Nxd5 9. Nxc6 bxc6 10. Bc4 e6 11. Nxd5 cxd5 12. Bb3 Bc5 13. Qe2 0-0 14. Be3 d4 15. Rd1 Bb7 16. Bf2 Qa5+ 17. Rd2 d3 18. cxd3 Bb4 19. Bd4 Rac8 20. Bc3 Rxc3 21. bxc3 Bxc3 22. Kd1 Qb4 23. Rb2 Bxb2 24. Qxb2 Bd5 25. Kc2 Rb8 0-1

[Event "GRE-chT 32nd"]
[Site "Kallithea"]
[Date "2003.07.06"]
[Round "3"]
[White "Svetushkin, Dmitry"]
[Black "Mastoras, Ilias"]
[Result "1-0"]
[WhiteElo "2571"]
[BlackElo "2240"]
[PlyCount "111"]
[EventDate "2003.07.04"]
[EventType "team-tourn"]
[EventRounds "9"]
[EventCountry "GRE"]
[SourceTitle "CBM 095 Extra"]
[Source "ChessBase"]
[SourceDate "2003.09.04"]
[SourceVersion "1"]
[SourceVersionDate "2003.09.04"]
[SourceQuality "1"]

1. d4 d5 2. c4 e6 3. Nf3 c6 4. e3 Nf6 5. Nbd2 Bd6 6. Bd3 Nbd7 7. 0-0 0-0 8. b3 b6 9. Bb2 Bb7 10. Qe2 c5 11. Rad1 Qc7 12. Rc1 Rac8 13. cxd5 exd5 14. Rfd1 Qb8 15. Nf1 Rfe8 16. Ng3 g6 17. Bb5 Bc6 18. Bxc6 Rxc6 19. Rc2 Rcc8 20. Qa6 Red8 21. dxc5 bxc5 22. Qa4 Bf8 23. Qh4 Qb6 24. Ne2 Qe6 25. Rcd2 Be7 26. Ng5 Qg4 27. Qxg4 Nxg4 28. Rxd5 Nb6 29. Rxd8+ Rxd8 30. Rxd8+ Bxd8 31. Ne4 c4 32. h3 Nh6 33. Nd4 cxb3 34. axb3 Nd5 35. Kf1 f5 36. Nc3 Nxc3 37. Bxc3 Bf6 38. Ne2 Bd8 39. Bd4 a6 40. Nf4 Kf7 41. Nd3 Ke6 42. Nc5+ Kd5 43. Nxa6 Ba5 44. Ke2 f4 45. Kd3 fxe3 46. fxe3 Nf7 47. e4+ Kc6 48. Nc5 Nd8 49. Kc4 Bc7 50. b4 Nf7 51. b5+ Kd6 52. Nd3 Ke6 53. e5 g5 54. b6 Bb8 55. Nc5+ Ke7 56. Kd5 1-0

[Event "GRE-chT 30th"]
[Site "Athens"]
[Date "2001.??.??"]
[Round "4"]
[White "Gazis, Efstathios"]
[Black "Mastoras, Ilias"]
[Result "1/2-1/2"]
[WhiteElo "2325"]
[BlackElo "2310"]
[PlyCount "92"]
[EventDate "2001.07.07"]
[EventType "team-tourn"]
[EventRounds "9"]
[EventCountry "GRE"]
[SourceTitle "CBM 085 Extra"]
[Source "ChessBase"]
[SourceDate "2002.01.21"]
[SourceVersion "1"]
[SourceVersionDate "2002.01.21"]
[SourceQuality "1"]

1. e4 c5 2. Nf3 e6 3. d4 cxd4 4. Nxd4 Nc6 5. Nb5 d6 6. c4 a6 7. N5c3 Be7 8. Be2 Nf6 9. 0-0 0-0 10. Be3 b6 11. f4 Bb7 12. Bf3 Qc7 13. Nd2 Rac8 14. Rc1 Nd7 15. Nd5 exd5 16. cxd5 Nc5 17. dxc6 Bxc6 18. b4 Nd3 19. Rc3 Nxb4 20. a3 Bf6 21. e5 dxe5 22. axb4 e4 23. Rxc6 Qxc6 24. Nxe4 Be7 25. Qd4 a5 26. bxa5 bxa5 27. Qa1 Bd8 28. Nc5 Qh6 29. Nd7 Re8 30. Bd4 Qd6 31. Bg4 Rc2 32. Bf5 Rd2 33. Bc3 Rd5 34. Bh3 f6 35. Qa2 Kh8 36. Qa4 Re3 37. Ne5 Qf8 38. Qc4 Bb6 39. Kh1 Qc5 40. Qa4 Qb5 41. Qxb5 Rxb5 42. Bd7 Rb3 43. Bd2 Re2 44. Rc1 h6 45. Be6 fxe5 46. Bxb3 Rxd2 1/2-1/2

[Event "GRE-chT 30th"]
[Site "Athens"]
[Date "2001.??.??"]
[Round "1"]
[White "Mastoras, Ilias"]
[Black "Mastrovasilis, Dimitrios"]
[Result "0-1"]
[WhiteElo "2310"]
[BlackElo "2415"]
[PlyCount "117"]
[EventDate "2001.07.07"]
[EventType "team-tourn"]
[EventRounds "9"]
[EventCountry "GRE"]
[SourceTitle "CBM 085 Extra"]
[Source "ChessBase"]
[SourceDate "2002.01.21"]
[SourceVersion "1"]
[SourceVersionDate "2002.01.21"]
[SourceQuality "1"]

1. e4 c5 2. Nc3 Nc6 3. Nge2 d6 4. g3 g6 5. d4 Bg4 6. d5 Ne5 7. f4 Bf3 8. Rg1 Nd7 9. Kf2 Bxe2 10. Qxe2 Bg7 11. Bh3 Ngf6 12. Kg2 0-0 13. Bd2 Ne8 14. Rad1 Nc7 15. Rge1 Rb8 16. a4 a6 17. a5 b5 18. axb6 Nxb6 19. b3 Nb5 20. Nxb5 axb5 21. Ba5 b4 22. e5 Rb7 23. Qb5 Qb8 24. Bxb6 Rxb6 25. Qe2 Rb7 26. Rd3 Ra7 27. Qe4 Qc7 28. Rde3 Rfa8 29. Qc4 Rd8 30. Bg4 Qb6 31. Bf3 Qb8 32. Qe2 Re8 33. exd6 Qxd6 34. Qb5 Rd8 35. Qc6 Bf6 36. Qb5 Bc3 37. R1e2 Bd4 38. Re4 Kg7 39. Qc4 Bf6 40. g4 h6 41. R4e3 Rdd7 42. Rd3 Rdc7 43. Re4 Ra1 44. Bd1 Rca7 45. Kf3 Rc1 46. Qb5 Ra6 47. Ke2 g5 48. Qc4 Raa1 49. h3 gxf4 50. Rxf4 Bg5 51. Rf1 Qh2+ 52. Kf3 Qxh3+ 53. Ke2 Qh2+ 54. Kf3 h5 55. d6 exd6 56. Rd5 Qh3+ 57. Ke4 Qe3+ 58. Kf5 Rxd1 59. Rdxd1 0-1

[Event "GRE-chT 30th"]
[Site "Athens"]
[Date "2001.??.??"]
[Round "3"]
[White "Spasov, Vasil"]
[Black "Mastoras, Ilias"]
[Result "1-0"]
[WhiteElo "2575"]
[BlackElo "2310"]
[PlyCount "69"]
[EventDate "2001.07.07"]
[EventType "team-tourn"]
[EventRounds "9"]
[EventCountry "GRE"]
[SourceTitle "CBM 085 Extra"]
[Source "ChessBase"]
[SourceDate "2002.01.21"]
[SourceVersion "1"]
[SourceVersionDate "2002.01.21"]
[SourceQuality "1"]

1. e4 c5 2. Nf3 Nc6 3. d4 cxd4 4. Nxd4 Nf6 5. Nc3 e6 6. Ndb5 d6 7. Bf4 e5 8. Bg5 a6 9. Na3 b5 10. Bxf6 gxf6 11. Nd5 f5 12. c3 Bg7 13. exf5 Bxf5 14. Nc2 0-0 15. Be2 Ne7 16. Nce3 Bg6 17. 0-0 f5 18. a4 bxa4 19. Rxa4 a5 20. Nc4 Nc8 21. Bh5 Rb8 22. Bxg6 hxg6 23. Rxa5 Rf7 24. Ra6 Bf8 25. g3 Qe8 26. Qe2 Rb5 27. Rd1 Qe6 28. Nf4 Qf6 29. Rd5 Rxd5 30. Nxd5 Qg5 31. Ra8 Na7 32. Nxd6 Rh7 33. Qxe5 Nc6 34. Qe6+ Kg7 35. Qf7+ 1-0

[Event "GRE-chT 30th"]
[Site "Athens"]
[Date "2001.??.??"]
[Round "7"]
[White "Vouldis, Angelos"]
[Black "Mastoras, Ilias"]
[Result "1-0"]
[WhiteElo "2535"]
[BlackElo "2310"]
[PlyCount "53"]
[EventDate "2001.07.07"]
[EventType "team-tourn"]
[EventRounds "9"]
[EventCountry "GRE"]
[SourceTitle "CBM 085 Extra"]
[Source "ChessBase"]
[SourceDate "2002.01.21"]
[SourceVersion "1"]
[SourceVersionDate "2002.01.21"]
[SourceQuality "1"]

1. e4 c5 2. Nf3 Nc6 3. d4 cxd4 4. Nxd4 Qb6 5. Nb3 Nf6 6. Nc3 e6 7. Bd3 a6 8. Be3 Qc7 9. f4 Bb4 10. 0-0 Bxc3 11. bxc3 d5 12. e5 Nd7 13. Nd4 Nxd4 14. cxd4 g6 15. Qe1 h5 16. Rb1 b6 17. Bc1 Nb8 18. Ba3 Nc6 19. Bd6 Qd8 20. c4 Nxd4 21. Qf2 Nf5 22. Bxf5 gxf5 23. cxd5 Bb7 24. Qg3 Kd7 25. dxe6+ Kxe6 26. Rfd1 Qg8 27. Rxb6 1-0

[Event "GRE-chT 29th"]
[Site "Athens"]
[Date "2000.07.07"]
[Round "2"]
[White "Dimitrov, Atanas Valtchev"]
[Black "Mastoras, Ilias"]
[Result "1/2-1/2"]
[WhiteElo "2350"]
[BlackElo "2215"]
[PlyCount "104"]
[EventDate "2000.07.06"]
[EventType "team-tourn"]
[EventRounds "8"]
[EventCountry "GRE"]
[SourceTitle "EXT 2001"]
[Source "ChessBase"]
[SourceDate "2000.11.22"]
[SourceVersion "1"]
[SourceVersionDate "2000.11.22"]
[SourceQuality "1"]

1. d4 d5 2. Nf3 c6 3. c4 e6 4. Qc2 Bd6 5. g3 Nd7 6. Bg2 Ngf6 7. 0-0 0-0 8. Nbd2 Re8 9. Rd1 Qe7 10. e4 dxe4 11. Nxe4 Nxe4 12. Qxe4 e5 13. Bg5 f6 14. Be3 exd4 15. Qxe7 Bxe7 16. Bxd4 Nc5 17. Re1 Ne6 18. Bc3 Kf7 19. b4 Nc7 20. Nd4 Rb8 21. Rab1 Bd7 22. Nb3 Rec8 23. Na5 Na6 24. Rbd1 Rc7 25. a3 b6 26. Rxd7 Rxd7 27. Nxc6 Re8 28. Bd5+ Kg6 29. Nd4 Red8 30. Nc6 Re8 31. Nd4 Red8 32. Ne6 Rxd5 33. Nf4+ Kf7 34. Nxd5 Bf8 35. Kg2 Nb8 36. Rd1 Nc6 37. Ne3 Rxd1 38. Nxd1 a5 39. b5 Ne5 40. Bxe5 fxe5 41. a4 Ke6 42. Nc3 e4 43. f4 exf3+ 44. Kxf3 Ke5 45. Ke3 Bc5+ 46. Kd3 h6 47. Ne4 Bg1 48. Nd2 Kd6 49. Ne4+ Ke5 50. Nd2 Kd6 51. Nf3 Bf2 52. Nd2 Bg1 1/2-1/2

[Event "GRE-chT"]
[Site "Athens"]
[Date "1996.??.??"]
[Round "6"]
[White "Mastrokoukos, Georgios"]
[Black "Mastoras, Ilias"]
[Result "1/2-1/2"]
[WhiteElo "2375"]
[BlackElo "2200"]
[PlyCount "36"]
[EventDate "1996.??.??"]
[EventType "team-tourn"]
[EventRounds "9"]
[EventCountry "GRE"]
[SourceTitle "CBM 055 Extra"]
[Source "ChessBase"]
[SourceDate "1997.01.01"]
[SourceVersion "1"]
[SourceVersionDate "1997.01.01"]
[SourceQuality "1"]

1. e4 c5 2. c3 d5 3. exd5 Qxd5 4. d4 Nf6 5. Nf3 Bg4 6. Be2 cxd4 7. cxd4 e6 8. 0-0 Nc6 9. Nc3 Qa5 10. h3 Bh5 11. a3 a6 12. b4 Qc7 13. Qa4 Rc8 14. Be3 Be7 15. Rac1 0-0 16. Ne5 Nxe5 17. Nd5 Qd6 18. Nxe7+ Qxe7 1/2-1/2

[Event "GRE-ch U20"]
[Site "Greece"]
[Date "1994.??.??"]
[Round "5"]
[White "Chatzidakis, Mihail"]
[Black "Mastoras, Ilias"]
[Result "1-0"]
[WhiteElo "2175"]
[BlackElo "2220"]
[PlyCount "39"]
[EventDate "1994.??.??"]
[EventType "swiss"]
[EventRounds "9"]
[EventCountry "GRE"]
[SourceTitle "EXT 2004"]
[Source "ChessBase"]
[SourceDate "2003.11.25"]
[SourceVersion "1"]
[SourceVersionDate "2003.11.25"]
[SourceQuality "1"]

1. e4 c5 2. Nf3 d6 3. Bb5+ Nd7 4. 0-0 a6 5. Bxd7+ Qxd7 6. d4 cxd4 7. Qxd4 b5 8. Nc3 Bb7 9. a4 e5 10. Qb6 bxa4 11. Rxa4 Nf6 12. Rb4 Bc8 13. Nxe5 dxe5 14. Rd1 Bxb4 15. Rxd7 Bxd7 16. Qxb4 0-0-0 17. Qc5+ Kb7 18. Be3 Bb5 19. h3 Rd7 20. Qa7+ 1-0

[Event "Wch U26"]
[Site "Sofia"]
[Date "1994.??.??"]
[Round "8"]
[White "Przedmojski, Rafal"]
[Black "Mastoras, Ilias"]
[Result "1-0"]
[WhiteElo "2335"]
[BlackElo "2220"]
[PlyCount "52"]
[EventDate "1994.??.??"]
[EventType "swiss"]
[EventRounds "9"]
[EventCountry "BUL"]
[SourceTitle "TD"]
[Source "ChessBase"]
[SourceDate "1994.03.01"]
[SourceVersion "1"]
[SourceVersionDate "1994.03.01"]
[SourceQuality "1"]

1. f4 d5 2. Nf3 c5 3. e3 Nc6 4. b3 Nf6 5. Bb5 Bd7 6. 0-0 a6 7. Bxc6 Bxc6 8. Ne5 Qc7 9. c4 e6 10. Bb2 Rd8 11. Qe2 Be7 12. d3 d4 13. exd4 cxd4 14. Nd2 Bc5 15. Ndf3 Bxf3 16. Qxf3 Nd7 17. Rae1 Nxe5 18. fxe5 Rd7 19. Re2 0-0 20. Qf4 Rfd8 21. h4 b5 22. Rc1 Qb6 23. h5 a5 24. cxb5 Qxb5 25. Rc4 Rd5 26. Bc1 Bf8 1-0

[Event "Katerini GP"]
[Site "Katerini"]
[Date "1993.??.??"]
[Round "?"]
[White "Mastoras, Ilias"]
[Black "Demirel, Tolga"]
[Result "1/2-1/2"]
[WhiteElo "2240"]
[BlackElo "2310"]
[PlyCount "45"]
[EventDate "1993.08.??"]
[EventType "swiss"]
[EventRounds "9"]
[EventCountry "GRE"]
[SourceTitle "EXT 2000"]
[Source "ChessBase"]
[SourceDate "1999.11.16"]
[SourceVersion "1"]
[SourceVersionDate "1999.11.16"]
[SourceQuality "1"]

1. e4 c5 2. Nc3 Nc6 3. Nge2 e6 4. d4 cxd4 5. Nxd4 Qc7 6. g3 Nf6 7. Bg2 a6 8. 0-0 Nxd4 9. Qxd4 Bc5 10. Qd1 Be7 11. Ne2 Rb8 12. Re1 d6 13. b3 b5 14. Bb2 0-0 15. Qd2 Bb7 16. Nf4 Rfd8 17. Ba3 d5 18. Bxe7 Qxe7 19. exd5 Qc7 20. Rac1 Nxd5 21. Nxd5 Bxd5 22. Bxd5 Rxd5 23. Qe2 1/2-1/2

[Event "Gausdal Int"]
[Site "Gausdal"]
[Date "1992.??.??"]
[Round "4"]
[White "Bjerke, Richard"]
[Black "Mastoras, Ilias"]
[Result "1-0"]
[WhiteElo "2285"]
[BlackElo "2300"]
[PlyCount "75"]
[EventDate "1992.08.??"]
[EventType "swiss"]
[EventRounds "9"]
[EventCountry "NOR"]
[SourceTitle "TD"]
[Source "ChessBase"]
[SourceDate "1994.03.01"]
[SourceVersion "1"]
[SourceVersionDate "1994.03.01"]
[SourceQuality "1"]

1. d4 f5 2. g3 Nf6 3. Bg2 g6 4. Nf3 Bg7 5. 0-0 d6 6. c4 0-0 7. Nc3 Qe8 8. d5 Na6 9. Be3 c5 10. dxc6 bxc6 11. Rb1 Ng4 12. Bf4 e5 13. Bc1 e4 14. Ng5 Ne5 15. Qxd6 Nxc4 16. Qd1 Rb8 17. Qc2 Ne5 18. a3 Qe7 19. b4 h6 20. Nh3 Qf7 21. f3 exf3 22. exf3 Be6 23. Rd1 Rbc8 24. Qa4 Bc4 25. Be3 Nd3 26. Qc2 Rcd8 27. b5 Rfe8 28. Bf2 Nac5 29. bxc6 Nxf2 30. Qxf2 Nd3 31. Qc2 Re7 32. Nb5 Qd5 33. c7 Ra8 34. a4 a6 35. Na3 Qc5+ 36. Kh1 Ne5 37. Nxc4 Nxc4 38. Rd8+ 1-0

[Event "Peer Gynt"]
[Site "Gausdal"]
[Date "1992.??.??"]
[Round "7"]
[White "Mastoras, Ilias"]
[Black "Barkhagen, Jonas"]
[Result "0-1"]
[WhiteElo "2300"]
[BlackElo "2405"]
[PlyCount "84"]
[EventDate "1992.07.??"]
[EventType "swiss"]
[EventRounds "9"]
[EventCountry "NOR"]
[SourceTitle "TD"]
[Source "ChessBase"]
[SourceDate "1994.03.01"]
[SourceVersion "1"]
[SourceVersionDate "1994.03.01"]
[SourceQuality "1"]

1. e4 e5 2. Nf3 Nc6 3. d4 exd4 4. Nxd4 Nf6 5. Nxc6 bxc6 6. e5 Qe7 7. Qe2 Nd5 8. c4 Nb6 9. b3 Qe6 10. Bb2 a5 11. g3 a4 12. Bg2 Bb4+ 13. Nd2 a3 14. Bd4 c5 15. Bxa8 Nxa8 16. Be3 Bb7 17. f3 0-0 18. 0-0 Qxe5 19. Qd3 d6 20. Rae1 Nb6 21. Bf4 Qf6 22. Ne4 Qg6 23. Re2 d5 24. Nf2 Ba6 25. Qxg6 hxg6 26. Rc1 dxc4 27. bxc4 Nxc4 28. Re7 f6 29. Rd1 Bb5 30. Rxc7 Nb2 31. Rc1 Rd8 32. Be3 c4 33. Ne4 Rd3 34. Bc5 Bd2 35. Nxd2 Rxd2 36. Bxa3 Nd3 37. Rb1 Ba6 38. Ra7 Ne5 39. Rb2 c3 40. Rxd2 cxd2 41. Ra8+ Kh7 42. Rd8 Bd3 0-1

[Event "Katerini op"]
[Site "Katerini"]
[Date "1992.??.??"]
[Round "?"]
[White "Mastoras, Ilias"]
[Black "Ehlvest, Jaan"]
[Result "0-1"]
[WhiteElo "2300"]
[BlackElo "2635"]
[PlyCount "95"]
[EventDate "1992.08.??"]
[EventType "swiss"]
[EventRounds "9"]
[EventCountry "GRE"]
[SourceTitle "CBM 032 Extra"]
[Source "ChessBase"]
[SourceDate "1993.03.01"]
[SourceVersion "1"]
[SourceVersionDate "1993.03.01"]
[SourceQuality "1"]

1. e4 g6 2. d4 d6 3. g3 Bg7 4. Bg2 c5 5. Ne2 cxd4 6. Nxd4 Nc6 7. Ne2 h5 8. h4 Bg4 9. 0-0 Qd7 10. f3 Bh3 11. Nbc3 Bxg2 12. Kxg2 Nf6 13. Nf4 0-0 14. Ncd5 Nh7 15. Rb1 Ne5 16. Ne3 b5 17. b3 Rac8 18. Qd2 Rfd8 19. Bb2 e6 20. Rfd1 Qb7 21. Nd3 Qb6 22. f4 Nxd3 23. cxd3 Bxb2 24. Rxb2 Nf6 25. f5 exf5 26. Nxf5 Rd7 27. Rf1 Ng4 28. Qg5 Qd8 29. Nh6+ Nxh6 30. Qxh6 Rdc7 31. Qf4 Qd7 32. Rbf2 Rc2 33. Rxc2 Rxc2+ 34. Rf2 Qc7 35. Qe3 a5 36. Kf3 Rc3 37. Qf4 b4 38. Ke3 Rc1 39. Qf6 Rc5 40. Qd4 Re5 41. Rf6 Qc1+ 42. Kf2 Rc5 43. Kg2 Rc2+ 44. Rf2 Rxf2+ 45. Qxf2 Qd1 46. Qa7 Qc2+ 47. Kh3 Qb1 48. Qa8+ 0-1